00277nam a2200109Ia 4500008004100000041000800041082001300049100001500062245004500077260002600122300001900148240624s9999 xx 000 0 und d aeng a060 MIS  aMISRA SASI aTWELFTH BIENNIAL CONFERENCE ON ENTREPREN c2017aDelhibBookwell a710 p.; 28 cm.